Bewertung der Poststempel der Deutschen Schutzgebiete und Auslandspostamter (Record no. 1976)

000 -LEADER
fixed length control field 00609nam a22001097a 4500
008 - FIXED-LENGTH DATA ELEMENTS--GENERAL INFORMATION
fixed length control field 160509b xxu||||| |||| 00| 0 eng d
100 ## - MAIN ENTRY--AUTHOR'S NAME
Author's Name Bothe, H.
245 ## - TITLE STATEMENT
Title Bewertung der Poststempel der Deutschen Schutzgebiete und Auslandspostamter
260 ## - PUBLICATION, DISTRIBUTION, ETC. (IMPRINT)
Place of publication, distribution, etc. Berlin
Name of publisher, distributor, etc. Arbeitsgemeinschaft der Sammler deutscher Kolonialpostwertzeichen
Date of publication, distribution, etc. 1977
650 ## - TOPICAL TERM (Tag)
Topical term or geographic name German Colonies | Germany | Offices Abroad | Postal Markings -- Used Abroad | Postal Markings | Postal History | Post Offices | Postal Agencies | Military Mail | Shipping Companies and Packet Service | Maritime Mail | Catalogs and Price Lists
700 ## - SECONDARY AUTHOR, EDITOR OR ILLUSTRATOR
Personal Name Spuida, H.-J.
Holdings
Withdrawn status Lost status Source of classification or shelving scheme Damaged status Koha normalized classification for sorting Not for loan Permanent Location Current Location Date acquired Full call number Barcode Date last seen Price effective from
        G6081 P857 S824   Northern Philatelic Library Northern Philatelic Library 05/09/2016 G6081 P857 S824 1002267 05/09/2016 05/09/2016

Powered by Koha